| 000 | 00749nam a2200193 a 4500 | ||
|---|---|---|---|
| 001 | 000036860 | ||
| 005 | 20200930080000.0 | ||
| 008 | 120202s1997 ck a 000 0 spa d | ||
| 040 |
_aDO-SdBNP _bspa _cBNPHU |
||
| 100 | 1 |
_aFlorián Borbón, Sandra _963217 |
|
| 245 | 1 | 0 |
_aEstrategias para implementar la creatividad : _bsistema dinámico, integral y gradual del pensamiento creativo / _cSandra Florián Borbón ; ilustraciones Beatriz Ozuna. |
| 260 |
_aSantafé de Bogotá : _bCooperativa Editorial Magisterio, _c1997. |
||
| 300 |
_a139 p. : _bil. ; _c22 cm. |
||
| 490 | 0 | _aColección Aula alegre | |
| 650 | 2 | 4 |
_aPensamiento creativo _98124 |
| 650 | 2 | 4 |
_aAptitud creadora _940864 |
| 650 | 2 | 4 |
_aCreatividad _942183 |
| 700 | 1 |
_aOzuna, Beatriz, _eil. _963218 |
|
| 999 |
_c36351 _d36351 |
||